000 00555cam a22001811 4500
040 _cDLC
082 0 0 _a639 REI 1962 A105 Or.
100 1 _aBennett, George W.
245 1 0 _aManagement of artificial lakes and ponds.
260 _aNew York,
_bReinhold Pub. Corp.
_c[1962]
300 _a283 p.
_billus.
_c24 cm.
490 0 _aReinhold books in the biological sciences
500 _aRev. ed. published as: Management of lakes and ponds. 2nd ed. 1971.
650 0 _aFishery management.
650 0 _aFish-culture.
650 0 _aFish ponds.
942 _cEK
999 _c16246
_d16246